000 01053 a2200217 4500
005 20080908170232.0
008 080908t xxu||||| |||| 00| 0 hin d
010 _aHIN-79205
020 _c500.00
_a8185789363
035 _aHN-51551
037 _bD.B.Act / pub
082 _a954.09
100 _aभार्गव, वी.एस.
245 _aआधुनिक भारतीय इतिहास
_cवी.एस.भार्गव
246 _aAdhunic bhartiya itihas
_bby V.S.Bhargava
260 _aजयपुर
_bरिसर्च पब्लिकेशन्स
_c2005
270 _a89, त्रिपोलिया बाजार
_bजयपुर
_e2
_k014102318415
300 _aiv,362पृ
_c22 सेमी (सजिल्द)
942 _adpl
_cHN
_k954.09 / भार्गव
_2ddc
_h954.09
_m भार्गव
999 _c1358
_d1358